000 00494nam a2200181Ia 4500
999 _c1839
_d1839
003 OSt
005 20201014104005.0
008 190216s9999||||xx |||||||||||||| ||und||
020 _a9788173199660
040 _coclc
082 _a174.2
_bIGN/B
100 _aIgnacimuthu, S
_95247
245 0 _aBioethics /
_cS Ignacimuthu
260 _bNarosa Publishing House,
_c2009.
_aNew Delhi:
300 _a197p
650 _aBotany
942 _cBK
_2ddc
_h174.2
_iIGN/B
_k174.2
_mIGN/B